Ngôn ngữ học qua các nền văn hóa = Linguistics across cultures

保存先:
書誌詳細
第一著者: Lado, Robert
フォーマット: 図書
言語:Undetermined
出版事項: Hà Nội Đại học quốc gia Hà Nội 2003
主題:
タグ: タグ追加
タグなし, このレコードへの初めてのタグを付けませんか!
Thư viện lưu trữ: Trung tâm Học liệu Trường Đại học Cần Thơ
LEADER 00602nam a2200205Ia 4500
001 CTU_74324
008 210402s9999 xx 000 0 und d
020 |c 20800 
082 |a 410.1 
082 |b L156 
100 |a Lado, Robert 
245 0 |a Ngôn ngữ học qua các nền văn hóa = 
245 0 |b Linguistics across cultures 
245 0 |c Robert Lado; Hoàng Văn Vân dịch 
260 |a Hà Nội 
260 |b Đại học quốc gia Hà Nội 
260 |c 2003 
650 |a Linguistics 
904 |i TUYEN 
980 |a Trung tâm Học liệu Trường Đại học Cần Thơ